| 000 | 00544nam a22002057a 4500 | ||
|---|---|---|---|
| 003 | OSt | ||
| 005 | 20140310182821.0 | ||
| 008 | 130304t xxu||||| |||| 00| 0 eng d | ||
| 020 | _a9831362985 | ||
| 050 |
_aHD 69 _b.Al421 2000 |
||
| 082 |
_aM 650.121 _bAl1 2000 |
||
| 245 |
_aTime and workload management _cAllcock, Debra |
||
| 260 |
_aMalaysia : _bSAM Publishing Sdn. Bhd., _cc2000. |
||
| 300 |
_aviii, 102 p. _c21 cm |
||
| 521 | _aCollege Students | ||
| 526 | _c1210L-1700L | ||
| 541 | _j1 | ||
| 562 | _e1 | ||
| 942 |
_2lcc _cBK _kM |
||
| 999 |
_c16392 _d16392 |
||